| 000 | 00380nam a2200145 i 4500 | ||
|---|---|---|---|
| 001 | bg | ||
| 100 | 1 | _aKOLANOWSKA, Zofia | |
| 245 | 0 |
_aBiblioteki i ośrodki informacji w Warszawie : _bprzewodnik / _cZofia Kolanowska. |
|
| 250 | _aWyd.2 popr.i uzup. | ||
| 260 |
_aWarszawa, _c1977. |
||
| 040 | _cBPK | ||
| 041 | _apol | ||
| 942 | _cKS | ||
| 008 | s pl f |000 0 pol | ||
| 999 |
_c27778 _d27778 |
||
| 856 |
_uhttp://koha.tu.koszalin.pl/cgi-bin/koha/opac-detail.pl?biblionumber=27778 _yKatalog online BPK |
||